00733nam a22002297a 450000500170000001000130001702000100003003500130004003700160005308200160006910000230008524500390010826000370014727000390018430000240022350000200024765000300026765000270029794200250032499900190034995201350036820170124110132.0 aA-997898 c00.00 aA-997898 bCen Lib/Ret a616.12bHEG aHegde, B.M.932290 aThe heart manual /cby B.M. Hegde  aNew DelhibUBS publishers c2000 bNew Delhia5, Ansari road e110002 axiv,157p.c21cm(Hb) aIncludes index  aFunctions of heart932291 aHeart weakness 932292 2ddccENh616.12mHEG c131619d131619 00104070aLbLd2015-07-15eCen Lib/Retg0.00l1o616.12 HEGpA-997898r2023-09-19 00:00:00s2023-09-05t1v0.00w2015-07-15yEN